Kỷ niệm 100 năm ngày Pháp chiếm Nam kỳ (20.6.1867-20.6.1967) /
Gespeichert in:
| 1. Verfasser: | |
|---|---|
| Weitere Verfasser: | , |
| Format: | Sách giấy |
| Sprache: | Vietnamese |
| Veröffentlicht: |
Sàigòn :
[knxb] ,
1967
|
| Tags: |
Tag hinzufügen
Keine Tags, Fügen Sie den ersten Tag hinzu!
|
| Thư viện lưu trữ: | Thư viện Trường Đại học Đà Lạt |
|---|
| LEADER | 00726nam a2200277 4500 | ||
|---|---|---|---|
| 001 | DLU020013356 | ||
| 005 | ##6/13/2000 | ||
| 020 | # | # | |a 978- |
| 041 | # | # | |a vie |
| 082 | # | # | |a 959.703 |b Kyn |
| 090 | # | # | |a 959.703 |b Kyn |
| 100 | # | # | |a Trương Bá Cần |
| 245 | # | # | |a Kỷ niệm 100 năm ngày Pháp chiếm Nam kỳ (20.6.1867-20.6.1967) / |c Cần Trương Bá, Dương Phạm Cao, ... Lê Văn Bảo |
| 260 | # | # | |a Sàigòn : |b [knxb] , |c 1967 |
| 300 | # | # | |a 240 tr.; |c 21 cm. |
| 700 | # | # | |a Lê Văn Bảo |
| 700 | # | # | |a Phạm Cao Dương |
| 992 | # | # | |a 360 |
| 994 | # | # | |a DLU |
| 900 | # | # | |a False |
| 911 | # | # | |a Administrator |
| 925 | # | # | |a G |
| 926 | # | # | |a A |
| 927 | # | # | |a SH |
| 980 | # | # | |a Thư viện Trường Đại học Đà Lạt |